000 00503nam a22001937a 4500
003 OSt
005 20151104110817.0
008 130308t xxu||||| |||| 00| 0 eng d
020 _a0140481621
050 _aPS 3525
_b.M647 1980
082 _aIB 812.52
_bM61 1980
100 _aMiller, Arthur
245 _aAfter the fall :
_ba play in two acts
_hArthur Miller
260 _aU.S.A. :
_bPenguins Book ,
_cc1980.
300 _c20 cm.
_a114 p. ;
562 _e1
942 _2lcc
_cBK
999 _c2289
_d2289